| 000 | 02180nam0a2200373 4500 | ||
|---|---|---|---|
| 001 | RU\NLR\bibl\1674820 | ||
| 005 | 20260405224601.0 | ||
| 010 |
_a978-5-87857-167-8 _92500 |
||
| 021 |
_aRU _b2010-60247 _93946 |
||
| 035 | _a(nilc)RSL-KNO-004716297 | ||
| 035 | _a(NLR Aleph) 001666063 | ||
| 090 |
_a1011816 _c1011816 |
||
| 100 | _a20100803d2010 |||y0rusy50 ca | ||
| 101 | 0 | _arus | |
| 102 | _aRU | ||
| 105 | _ay zzzz||||| | ||
| 200 | 1 |
_aМожно ли в борьбе с коррупцией в России использовать зарубежный опыт? _eсборник очерков _fНезависимый центр изучения методов борьбы с коррупцией _gпод ред. П. С. Филиппова |
|
| 210 |
_aСанкт-Петербург _cНорма _d2010 |
||
| 215 |
_a182 с. _d22 |
||
| 320 | _aБиблиогр. в конце очерков и в подстроч. примеч. | ||
| 606 | 1 |
_aКоррупция _jСборники _xБорьба с ней _yРоссийская Федерация _92174431 _3RU\NLR\auth\661307822 |
|
| 606 | 1 |
_aКоррупция _jСборники _xБорьба с ней _yЗарубежные страны _92610575 _3RU\NLR\auth\661547133 |
|
| 610 | 0 | _aГосударство и право. Юридические науки -- Российская Федерация -- Криминология -- Борьба с преступностью и предупреждение преступлений на отдельных объектах и в отдельных областях жизни -- Сборник | |
| 686 |
_aХ628.322я43 _2rubbk |
||
| 686 | _aХ628.322.17я43 | ||
| 686 | _aХ883.7я43 | ||
| 702 | 1 |
_4340 _8rus _7ca _aФилиппов _bП. С. _cгосслужащий, аналитик _f1945- _gПетр Сергеевич _3RU\NLR\auth\77102666 _985592 |
|
| 712 | 0 | 2 |
_aНезависимый центр изучения методов борьбы с коррупцией _cСанкт-Петербург |
| 801 | 0 |
_aRU _bРГБ _c20100803 _grcr |
|
| 801 | 1 |
_aRU _bРГБ _c20100803 |
|
| 801 | 2 |
_aRU _bNLR _c20100915 _grcr |
|
| 942 | _cBOOK | ||
| 980 | _aNB | ||